The Philippines yearbook 2005. (Record no. 290447)
[ view plain ]
| 000 -LEADER | |
|---|---|
| fixed length control field | 01527cas a2200421 a 4500 |
| 001 - CONTROL NUMBER | |
| control field | 18308409 |
| 003 - CONTROL NUMBER IDENTIFIER | |
| control field | PILC |
| 005 - DATE AND TIME OF LATEST TRANSACTION | |
| control field | 20160127123849.0 |
| 008 - FIXED-LENGTH DATA ELEMENTS--GENERAL INFORMATION | |
| fixed length control field | 030228c20039999ph ar 0 0eng |
| 010 ## - LIBRARY OF CONGRESS CONTROL NUMBER | |
| LC control number | 2005236131 |
| Canceled/invalid LC control number | 2012325884 |
| 022 ## - INTERNATIONAL STANDARD SERIAL NUMBER | |
| International Standard Serial Number | 0115-3005 |
| 035 ## - SYSTEM CONTROL NUMBER | |
| System control number | (OCoLC)ocm51763683 |
| 040 ## - CATALOGING SOURCE | |
| Original cataloging agency | NSyU |
| Language of cataloging | eng |
| Transcribing agency | NSyU |
| Modifying agency | OCoLC |
| -- | MH |
| -- | WaU |
| -- | OCoLC |
| -- | OCLCF |
| -- | DLC |
| 042 ## - AUTHENTICATION CODE | |
| Authentication code | pcc |
| 043 ## - GEOGRAPHIC AREA CODE | |
| Geographic area code | a-ph--- |
| 050 00 - LIBRARY OF CONGRESS CALL NUMBER | |
| Classification number | DS 666.C5 |
| Item number | .P559 2005 |
| 130 0# - MAIN ENTRY--UNIFORM TITLE | |
| Uniform title | Philippines yearbook (Reference ed.) |
| 245 14 - TITLE STATEMENT | |
| Title | The Philippines yearbook 2005. |
| 246 12 - VARYING FORM OF TITLE | |
| Title proper/short title | Phillippine business and government |
| Date or sequential designation | 2004 |
| 246 12 - VARYING FORM OF TITLE | |
| Title proper/short title | Philippine business & government |
| Date or sequential designation | <2010> |
| 246 3# - VARYING FORM OF TITLE | |
| Title proper/short title | Philippines year book |
| 260 ## - PUBLICATION, DISTRIBUTION, ETC. (IMPRINT) | |
| Place of publication, distribution, etc | Manila, Philippines : |
| Name of publisher, distributor, etc | Fookien Times, |
| Date of publication, distribution, etc | 2005. |
| 300 ## - PHYSICAL DESCRIPTION | |
| Extent | volumes : |
| Other physical details | illustrations ; |
| Dimensions | 30 cm. |
| 310 ## - CURRENT PUBLICATION FREQUENCY | |
| Current publication frequency | Annual |
| 362 0# - DATES OF PUBLICATION AND/OR SEQUENTIAL DESIGNATION | |
| Dates of publication and/or sequential designation | 2003- |
| 500 ## - GENERAL NOTE | |
| General note | Title from cover. |
| 515 ## - NUMBERING PECULIARITIES NOTE | |
| Numbering peculiarities note | Vol. for 2003 called also v. 1. |
| 590 ## - LOCAL NOTE (RLIN) | |
| Local note | Acquired via LC overseas office. Jakarta Field Office. Most recent issues/items may not yet be available in LC Washington. |
| 651 #0 - SUBJECT ADDED ENTRY--GEOGRAPHIC NAME | |
| Geographic name | Philippines |
| Form subdivision | Periodicals. |
| 651 #7 - SUBJECT ADDED ENTRY--GEOGRAPHIC NAME | |
| Geographic name | Philippines. |
| Source of heading or term | fast |
| 655 #7 - INDEX TERM--GENRE/FORM | |
| Genre/form data or focus term | Periodicals. |
| Source of term | fast |
| 776 08 - ADDITIONAL PHYSICAL FORM ENTRY | |
| Display text | Online version: |
| Title | Philippines yearbook (Reference ed.) |
| Record control number | (OCoLC)608279360 |
| 787 1# - NONSPECIFIC RELATIONSHIP ENTRY | |
| Title | Philippines yearbook (Manila, Philippines : 2000) |
| International Standard Serial Number | 0115-3005 |
| Record control number | (DLC) 00200812 |
| -- | (OCoLC)44627867 |
| 906 ## - LOCAL DATA ELEMENT F, LDF (RLIN) | |
| a | 7 |
| b | ibc |
| c | sercoop |
| d | 3 |
| e | ncip |
| f | 20 |
| g | n-oclcserc |
| 942 ## - ADDED ENTRY ELEMENTS (KOHA) | |
| Source of classification or shelving scheme | Library of Congress Classification |
| Koha item type | Books |
| Call number prefix | Filipininana |
| Withdrawn status | Lost status | Source of classification or shelving scheme | Damaged status | Home library | Current library | Shelving location | Date acquired | Source of acquisition | Sub Shelving location | Total Checkouts | Full call number | Barcode | Date last seen | Price effective from | Koha item type |
|---|---|---|---|---|---|---|---|---|---|---|---|---|---|---|---|
| Library of Congress Classification | College Library | College Library | Reference Section | 01/27/2016 | Library Fund | DS 666.C5 .P559 2005 | C20347 | 05/15/2018 | 01/27/2016 | Books |